Top 5 Songs On Demon Days (Gorillaz) - Statistics

General Stats
  • This quiz has been taken 91 times
  • The average score is 5 of 5
Answer Stats
Hint Answer % Correct
1,077,613,796 Feel Good Inc.
100%
336,075,003 DARE
90%
197,583,250 Dirty Harry
89%
123,012,814 Kids With Guns
89%
87,575,288 El Manana
85%
No matching quizzes found
Score Distribution
Percent of People with Each Score
Percentile by Number Answered
Your Score History
You have not taken this quiz